Entry Personal Name
Number of records used in: 1
001 - CONTROL NUMBER
003 - CONTROL NUMBER IDENTIFIER
005 - DATE AND TIME OF LATEST TRANSACTION
- control field:
20231205103220.0
008 - FIXED-LENGTH DATA ELEMENTS
- fixed length control field:
920410n| acannaab |a aaa
010 ## - LIBRARY OF CONGRESS CONTROL NUMBER
- LC control number:
n 89262053
040 ## - CATALOGING SOURCE
- Original cataloging agency:
DLC
- Transcribing agency:
DLC
- Modifying agency:
DLC
100 1# - HEADING--PERSONAL NAME
- Personal name:
Vasudevan, Ravi
400 0# - SEE FROM TRACING--PERSONAL NAME
- Personal name:
Ravi Vasudevan
400 1# - SEE FROM TRACING--PERSONAL NAME
- Personal name:
Vasudevan, Ravi S.
400 1# - SEE FROM TRACING--PERSONAL NAME
- Personal name:
Vāsudevana, Ravi
670 ## - SOURCE DATA FOUND
- Source citation:
His The cultural space of a film narrative ... 1991:
- Information found:
t.p. (Ravi Vasudevan) p. 1 (Research fellow, Dept. of Film Studies, U. of East Anglia, Norwich, U.K.)
670 ## - SOURCE DATA FOUND
- Source citation:
Dislocations, 1994:
- Information found:
t.p. (Ravi S. Vasudevan)
670 ## - SOURCE DATA FOUND
- Source citation:
Dillī para ekāgra, 2004:
- Information found:
t.p. verso (Ravi Vāsudevana) p. 86 (fellow, CSDS)